Quiz de la Provincia de Castellón - Estadísticas

Estadísticas generales
  • Esta prueba ha sido intentada 226 veces
  • La puntuación promedio es 9 de 12
Estadísticas de respuestas
Pista Respuesta % Correcto
Idiomas oficiales (di cualquiera) Castellano / Valenciano
100%
Comunidad autónoma de la que forma parte. Comunidad Valenciana
99%
Capital. Castellón de la Plana
92%
Fiestas mayores de la capital que se celebran en la Cuaresma durante 9 días. Fiestas de la Magdalena
86%
...relacionado con su gran cultivo de este cítrico. Naranja
86%
Meridiano que cruza la capital. Meridiano de Greenwich
82%
Ciudad conocida como "la ciudad del mar"... Peñiscola
82%
Montaña más alta (pista: empieza por P) Peñagolosa
80%
...y estructura medieval que posee. Castillo
68%
Nombre turístico que recibe su costa... Costa del Azahar
64%
Humorista, actor y presentador que nació en la capital de la provincia. Carlos Latre
59%
Bebida producida en el norte de Castellón que cuenta con denominación geográfica. Vino
40%
No se encontraron pruebas coincidentes
Distribución de puntuación
Porcentaje de gente con cada puntuación
Porcentaje por número respondido
Historial de tus puntuaciones
No has intentado esta prueba.